Statistics for All Municipalities of Komárom-Esztergom County, Hungary on a Map

Click here to take the quiz!

General Stats

  • This quiz has been taken 15 times
  • The average score is 34 of 76

Answers on the Map

Answers color-coded by a green-red scale on the quiz's map according to % correct below.
 

Answer Stats

Answer% Correct
Esztergom
100%
Komárom
100%
Oroszlány
89%
Tát
89%
Tata
89%
Dorog
78%
Nyergesújfalu
78%
Tatabánya
78%
Almásfüzitő
67%
Baj
67%
Dunaalmás
67%
Ács
56%
Ászár
56%
Bábolna
56%
Csolnok
56%
Dömös
56%
Kesztölc
56%
Kisbér
56%
Kisigmánd
56%
Lábatlan
56%
Mogyorósbánya
56%
Nagyigmánd
56%
Piliscsév
56%
Pilismarót
56%
Süttő
56%
Szárliget
56%
Tokod
56%
Tokodaltáró
56%
Vértesszőlős
56%
Bajót
44%
Bakonysárkány
44%
Bana
44%
Csém
44%
Csép
44%
Kecskéd
44%
Máriahalom
44%
Mocsa
44%
Neszmély
44%
Réde
44%
Súr
44%
Tárkány
44%
Vértestolna
44%
Aka
33%
Annavölgy
33%
Bajna
33%
Bakonyszombathely
33%
Bársonyos
33%
Bokod
33%
Csatka
33%
Héreg
33%
Kerékteleki
33%
Szomód
33%
Szomor
33%
Tardos
33%
Várgesztes
33%
Vérteskethely
33%
Vértessomló
33%
Ácsteszér
22%
Bakonybánk
22%
Császár
22%
Dad
22%
Dág
22%
Dunaszentmiklós
22%
Epöl
22%
Ete
22%
Gyermely
22%
Kocs
22%
Kömlőd
22%
Környe
22%
Leányvár
22%
Nagysáp
22%
Naszály
22%
Sárisáp
22%
Szákszend
22%
Tarján
22%
Úny
22%

Score Distribution

Percentile by Number Answered

Percent of People with Each Score

Your Score History

You have not taken this quiz